000 01206nam a22002657a 4500
003 AR-BaBN
005 20260225141625.0
008 140806s2017 ag a dr 001 f spa
015 _aAR-2017
020 _a978-950-46-4722-5
040 _aAR-BaBN
_bspa
_cAR-RoUNCS
_eaacr
044 _aag
_car-c
080 1 _a82-311.9(82)
_22016
100 1 _aValentino, Esteban,
_d1956-
_eautor
_4aut
245 1 3 _aTitanis :
_bel armario de la luna /
_cEsteban Valentino.
250 _a1a ed.
260 _aCiudad de Buenos Aires :
_bLoqueleo,
_c2017.
300 _a219 p. :
_bil. ;
_c22 cm.
490 0 _aSerie roja
520 3 _aUn poeta, una física, un médico, un matemático y una psicóloga emprenden una misión secreta en la nave Titanis. Treinta y cuatro años viajando con rumbo incierto en el espcio exterior. Renuncian a sus vidas y priorizan el conocimiento ante todo. Lo que no saben es que en enemigo se oculta en la nave y los obligará a enfrentarse a sus miedos más profundos. El único camino para sobrevivir será vencerlos (Notas del editor).
650 7 _2embne
_aLiteratura argentina
655 7 _aNovelas de ciencia ficción
_2embne
655 7 _aNovelas juveniles
_2embne
942 _2udc
_cOG
_n0
999 _c918
_d918